banner koha

A new species of Trichodesmium (Cyanobacteria) from freshwaters, Brazil (Registro n. 332273)

MARC details
000 -LÍDER
fixed length control field 03978nab a2200265 i 4500
003 - CÓDIGO MARC DA AGÊNCIA CATALOGADORA
Campo de controle BR-BrBNA
005 - DATA E HORA DA ÚLTIMA ATUALIZAÇÃO
Campo de controle 20250627153448.0
008 - CAMPO DE TAMANHO FIXO
fixed length control field 250627b2018 bl.qr|pooa||| 00| 0 eng |
040 ## - FONTE DA CATALOGAÇÃO
Agência catalogadora BR-BrBNA
Idioma da catalogação eng
072 ## - CATEGORIA AGRIS
Código AGRIS F70
100 ## - ENTRADA PRINCIPAL - NOME PESSOAL
Nome pessoal Sant’Anna, Célia L.
100 ## - ENTRADA PRINCIPAL - NOME PESSOAL
Nome pessoal Gama, Watson A.
100 ## - ENTRADA PRINCIPAL - NOME PESSOAL
Nome pessoal Silva, Thais G.
100 ## - ENTRADA PRINCIPAL - NOME PESSOAL
Nome pessoal Vieira, Armando A.H.
245 ## - TÍTULO PRINCIPAL
Título principal A new species of Trichodesmium (Cyanobacteria) from freshwaters, Brazil
500 ## - NOTA GERAL
Nota geral Publicação on-line; 24 ref.; 1 table; 1 illus.; Summaries (En, Pt)
942 ## - ADDED ENTRY ELEMENTS (KOHA)
Koha item type Analítica
520 ## - NOTA DE RESUMO
Nota de conteúdo <br/><br/>Abstract<br/><br/>Trichodesmium is a typical planktic genus in which trichomes are disposed either in fascicles or radially in<br/>rounded colonies. Based on morphological studies, there are eleven species of Trichodesmium, out of which<br/>nine are from marine environments and only two from freshwaters. Trichodesmium is mainly known for its<br/>capacity to form blooms and produce toxins in marine tropical and subtropical environments. There is no<br/>information about the capacity of the freshwater Trichodesmium species to produce toxins. It was only with<br/>molecular studies that the taxonomy of marine Trichodesmium started to be solved. However, up to now, no<br/>material has been available for molecular analyses of freshwater species. During the studies of microalgae<br/>from São Paulo state, a population resembling Trichodesmium was found in a recreational pond. The analyzed<br/>organisms formed fascicles of homocyted and not attenuated trichomes and cells with gas vesicles, a set of<br/>features that makes them different from the other freshwater Trichodesmium species. Thus, we have described<br/>the species Trichodesmium brasiliense sp. nov. based on material from Brazilian inland water. Also, we have<br/>suggested revision of some Brazilian literature citations of T. lacustre and their inclusion in the synonym of<br/>this new species.<br/><br/>Key words: new species, Oscillatoriales, shallow lakes, Trichodesmium lacustre, tropical region.<br/><br/><br/><br/><br/>Resumo<br/><br/>Trichodesmium é um gênero tipicamente planctônico cujos tricomas estão dispostos em fascículos ou radialmente<br/>em colônias. Com base em estudos morfológicos, existem 11 espécies de Trichodesmium descritas, das quais<br/>nove são para ambientes marinhos e apenas duas para águas continentais. Este gênero é conhecido principalmente<br/>por sua capacidade de formar florações e produzir toxinas em ambientes marinhos tropicais e subtropicais.<br/>Contudo, não há informações sobre produção de toxinas por suas espécies de água-doce. Foi apenas com os<br/>estudos moleculares que a taxonomia das espécies marinhas começou a ser resolvida. Contudo, até o presente,<br/>não há material disponível para a realização de estudos moleculares com as espécies de ambientes continentais.<br/>Durantes o estudo das microalgas do Estado de São Paulo, uma população similar a Trichodesmium foi<br/>encontrada em uma lagoa utilizada para recreação. Os organismos analisados formavam fascículos compostos<br/>por tricomas homocitados e não atenuados, com aerótopos presentes; características que os tornam diferentes de<br/>outras espécies de Trichodesmium. Assim, descrevemos a espécie Trichodesmium brasiliense sp. nov. a partir<br/>da análise de espécimes de águas continentais brasileiras. Adicionalmente, sugerimos a revisão de algumas<br/>citações da literatura brasileira para T. lacustre e inclusão dessas na sinonímia da nova espécie descrita.<br/><br/>Palavras-chave: nova espécie, Oscillatoriales, lagos rasos, Trichodesmium lacustre, regiões tropical/subtropical.
650 ## - ASSUNTO - THESAGRO
Cabeçalho tópico ou nome geográfico TAXONOMIA
650 ## - ASSUNTO - THESAGRO
Cabeçalho tópico ou nome geográfico PLÂNCTON
650 ## - ASSUNTO - THESAGRO
Cabeçalho tópico ou nome geográfico LAGO
773 0# - ENTRADA ANALÍTICA
Host Biblionumber 709
Registro do item 351158
Imprenta Rio de Janeiro-RJ Jardim Botanico do Rio de Janeiro 1935
Outro identificador 2025-3781
Título Rodriguésia (Brazil)
ISSN 0370-6583; 2175-7860 on-line
Colação v. 69(4) p. 2019-2024; (2018)
Número de controle de registro BR2025003063
856 ## - ACESSO E ENDEREÇO ELETRÔNICO
Identificador uniforme de recurso - URI https://www.scielo.br/j/rod/a/xXC95wYHHPwqZ5rW4RQ79kk/?format=pdf&lang=en

Nenhum exemplar disponível.

BINAGRI

Telefone: (61)3218-2567/2388/3357/2097 - binagri@agro.gov.br

Ministério da Agricultura e Pecuária , Esplanada dos Ministérios, Bloco D, Anexo B, Brasília/DF, CEP: 70.043-900